<?xml version="1.0" encoding="UTF-8"?><?xml-stylesheet type="text/xsl" href="static/style.xsl"?><OAI-PMH xmlns="http://www.openarchives.org/OAI/2.0/" xmlns:xsi="http://www.w3.org/2001/XMLSchema-instance" xsi:schemaLocation="http://www.openarchives.org/OAI/2.0/ http://www.openarchives.org/OAI/2.0/OAI-PMH.xsd"><responseDate>2026-06-02T21:38:45Z</responseDate><request verb="GetRecord" identifier="oai:riuma.uma.es:10630/6447" metadataPrefix="marc">https://riuma.uma.es/rest/oai/request</request><GetRecord><record><header><identifier>oai:riuma.uma.es:10630/6447</identifier><datestamp>2026-02-03T12:52:52Z</datestamp><setSpec>com_10630_5701</setSpec><setSpec>com_10630_3139</setSpec><setSpec>com_10630_10</setSpec><setSpec>col_10630_6433</setSpec></header><metadata><record xmlns="http://www.loc.gov/MARC21/slim" xmlns:dcterms="http://purl.org/dc/terms/" xmlns:doc="http://www.lyncode.com/xoai" xmlns:xsi="http://www.w3.org/2001/XMLSchema-instance" xsi:schemaLocation="http://www.loc.gov/MARC21/slim http://www.loc.gov/standards/marcxml/schema/MARC21slim.xsd">
   <leader>00925njm 22002777a 4500</leader>
   <datafield ind2=" " ind1=" " tag="042">
      <subfield code="a">dc</subfield>
   </datafield>
   <datafield ind2=" " ind1=" " tag="720">
      <subfield code="a">González García, Sonsoles</subfield>
      <subfield code="e">author</subfield>
   </datafield>
   <datafield ind2=" " ind1=" " tag="720">
      <subfield code="a">Plaza Villanos, Belén</subfield>
      <subfield code="e">author</subfield>
   </datafield>
   <datafield ind2=" " ind1=" " tag="260">
      <subfield code="c">2010</subfield>
   </datafield>
   <datafield ind2=" " ind1=" " tag="520">
      <subfield code="a">Las filigranas son elementos característicos del papel que indican su procedencia y su calidad. Desde su primera aparición en Italia, determinados símbolos utilizados fueron extendiéndose al resto de Europa. La filigrana ha sido objeto de investigación para datar documentos y conocer su lugar de origen.&#xd;
Nuestro estudio se basa en la identificación de las seis filigranas encontradas en el libro del alfaquí Muhammad al-Yayyar, manuscrito árabe con signatura L-14030. Está realizado en papel italiano y conservado en el Archivo Histórico Provincial de Málaga.</subfield>
   </datafield>
   <datafield ind2=" " ind1=" " tag="520">
      <subfield code="a">Watermarks are characteristic elements of paper indicating its origin and quality. Since its first appearance in Italy, specific symbols were extended to the rest of Europe. The watermark has been investigated to date documents and their place of origin.&#xd;
Our study is based on the identification of six watermarks found in the book of alfaqui Muhammad al-Yayyar, arabic manuscript with signature L -14030. Is made italian paper and preserved in the Historic Archive of Malaga.</subfield>
   </datafield>
   <datafield ind1="8" ind2=" " tag="024">
      <subfield code="a">GONZÁLEZ GARCÍA, SONSOLES; PLAZA VILLANOS, BELÉN "Al propósito de papel con filigranas de época nazarí conservado en el Archivo Histórico Provincial de Málaga" Baética, 32, 2010, 217-236</subfield>
   </datafield>
   <datafield ind1="8" ind2=" " tag="024">
      <subfield code="a">0212-5099</subfield>
   </datafield>
   <datafield ind1="8" ind2=" " tag="024">
      <subfield code="a">http://hdl.handle.net/10630/6447</subfield>
   </datafield>
   <datafield tag="653" ind2=" " ind1=" ">
      <subfield code="a">Filigranas - España - Historia - 0711-1492, Epoca musulmana</subfield>
   </datafield>
   <datafield ind2="0" ind1="0" tag="245">
      <subfield code="a">Al propósito de papel con filigranas de época nazarí conservado en el Archivo Histórico Provincial de Málaga</subfield>
   </datafield>
</record>
</metadata></record></GetRecord></OAI-PMH>